000 00508nam a2200181Ia 4500
008 100920s9999 xx 000 0 und d
082 _b31695
_a11 थ 43
100 _aROY M. N.
245 _aTHE COMMUNIST INTERNATIONAL.
260 _bRADICAL DEMOCRATIC PARTY , DELHI.
_c1943
300 _a73
_bसाधी
365 _b0
520 _aएच.पी.बी.
630 _aTHE COMMUNIST INTERNATIONAL.
650 _aएच.पी.बी.
730 _aTHE COMMUNIST INTERNATIONAL.
942 _cBOOK
999 _c686839
_d686836